10 'Mis' Words Quiz Stats

Quiz Updated Aug 18, 2017

Also try: 10 'Dis' Words
Challenge
Share
Tweet
Embed
Score 0/10 Timer 03:00
0 Plays Today
Question Answer Wrong Answers
An object forcibly propelled at a target,
either by hand or from a mechanical weapon
Missile
97.9%
Missal
0.7%
Mistle
0.8%
Mishap
0.4%
A person who hoards wealth and
spends as little money as possible
Miser
96.9%
Mister
1%
Mishap
1.1%
Misfit
0.9%
Dislike of, contempt for, or
ingrained prejudice against women
Misogyny
94.6%
Misconception
2%
Misplacement
0.4%
Misgiving
1.6%
Traditional Japanese seasoning;
Thick paste produced by fermenting soybeans
Miso
93.7%
Miscible
0.3%
Missa
2.2%
Mise
1.5%
An error in action, calculation,
opinion, or judgment
Mistake
92.8%
Missal
0.2%
Misgiving
3.6%
Misnomer
0.6%
Parasitic plant in the order Santalales,
under which (traditionally) Christmas kisses take place
Mistletoe
92.6%
Mischocarpus
2.9%
Miso
0.2%
Misopates
1.2%
A wrong or inaccurate
name or designation
Misnomer
91.2%
Mishap
5.8%
Missile
0.2%
Missal
1.1%
A person whose behaviour or attitude sets them apart from others
in an uncomfortably conspicuous way
Misfit
90.7%
Miscreant
5.7%
Misnomer
0.7%
Missal
0.5%
A person who has done something
wrong or unlawful
Miscreant
90.3%
Misnomer
4.6%
Missal
0.8%
Mishap
3.4%
A book containing the texts used in
the Catholic Mass throughout the year
Missal
83.4%
Mistle
12.1%
Missile
1.4%
Misnomer
1%

You're not logged in!

Compare scores with friends on all Sporcle quizzes.
Join for Free
OR
Log In

You Might Also Like...

Show Comments

Extras

Top Quizzes Today


Score Distribution

Your Account Isn't Verified!

In order to create a playlist on Sporcle, you need to verify the email address you used during registration. Go to your Sporcle Settings to finish the process.

Report this User

Report this user for behavior that violates our Community Guidelines.

Details: